000 00606nam a22001937a 4500
999 _c167811
_d167811
005 20190919152010.0
010 _aB-221391
020 _a9788184080360
035 _aB-221391
037 _bStandard Literature
082 _aS
_bSHA
100 _aShakespeare,William
245 _aAs you like it/
_cWilliam Shakespeare,
260 _aNoida(U.P)
_bStandard Literature
_c2006
270 _aSaurabh printers pvt. A-16, Sector-4, Noida(UP)
300 _aviii,151p.
_c20.c.m.(hb)
942 _2ddc
_cEN
_hS
_mSHA